000
00339 a2200157 4500
001
191435
020
_a
85-7340-458-2
040
_c
Magnum
100
_a
Brandão, Toni
240
1
0
_a
A flor da amazônia
_l
por
245
1
0
_a
A flor da amazônia
300
_a
82
362
0
_a
2006
697
_a
LITERATURA INFANTO-JUVENIL
942
_c
BK
999
_c
191435
_d
191435